Discurso pronunciado en el Aula Magna de la Universidad de La Habana... (Record no. 69327)

MARC details
000 -LEADER
campo de control de longitud fija 00585nam a2200157 i 4500
001 - NÚMERO DE CONTROL
campo de control 69327
003 - IDENTIFICADOR DE NÚMERO DE CONTROL
campo de control ES-MaACL
005 - FECHA Y HORA DE LA ÚLTIMA TRANSACCIÓN
campo de control 20230906170508.0
007 - CAMPO FIJO DE DESCRIPCIÓN FÍSICA--INFORMACIÓN GENERAL
campo de control de longitud fija t|
008 - DATOS DE LONGITUD FIJA--INFORMACIÓN GENERAL
campo de control de longitud fija 040705s1946 cu ||||1| spa d
100 1# - ENTRADA PRINCIPAL--NOMBRE DE PERSONA
Nombre de persona García Bárcena, Rafael.
9 (RLIN) 54225
245 10 - MENCIÓN DEL TÍTULO
Título Discurso pronunciado en el Aula Magna de la Universidad de La Habana...
Resto del título : para conmemorar la muerte del profesor Ramiro Valdés Daussa /
Mención de responsabilidad, etc. Rafael García Bárcena.
260 ## - PUBLICACIÓN, DISTRIBUCIÓN, ETC.
Lugar de publicación, distribución, etc. La Habana :
Nombre del editor, distribuidor, etc. [s.n.,
Fecha de publicación, distribución, etc. 1946] (
Fabricante Imp. de la Universidad de La Habana)
300 ## - DESCRIPCIÓN FÍSICA
Extensión 26 p. ;
Dimensiones 24 cm.
852 ## - LOCALIZACIÓN
Ubicación ES-MaACL
Número de control de estantería 1600-F-27
Sublocalización o colección R.26543
Holdings
Estatus retirado Estado de pérdida Estado de daño No para préstamo Colección Biblioteca de origen Biblioteca actual Ubicación en estantería Fecha de adquisición Fuente de adquisición Total de préstamos Signatura topográfica completa Código de barras Visto por última vez Precio de reemplazo Tipo de ítem Koha
        Colección de folletos Biblioteca del Ateneo de Madrid Biblioteca del Ateneo de Madrid Depósito folletos 17/01/2008     1600-F-27 1072596 23/02/2023 23/02/2023 Folleto